000 01036pam a2200337 i 4500
999 _c1354
_d1354
001 017546493
003 Uk
005 20221228152944.0
008 150721s2016 enka j 001|0|eng|d
015 _aGBB5C6591
_2bnb
016 7 _a017546493
_2Uk
020 _a9781910512616 (hardback) :
040 _aStDuBDS
_beng
_cStDuBDS
_dUk
_dKH8
_erda
042 _aukblcatcopy
082 0 4 _a394.2657 JON
_223
100 1 _aJones, Grace,
_d1990-
_eauthor.
245 1 0 _aEid ul-Fitr /
_cwritten by Grace Jones ; edited by Amy Allatson.
264 1 _aKings Lynn, Norfolk :
_bBook Life,
_c[2016]
264 4 _c©2016
300 _a24 pages :
_billustrations (colour) ;
_c25 x 31 cm.
336 _atext
_2rdacontent
336 _astill image
_2rdacontent
337 _aunmediated
_2rdamedia
338 _avolume
_2rdacarrier
490 0 _aFestivals around the world
500 _aIncludes index.
500 _aFormerly CIP.
_5Uk
650 0 _aʻĪd al-Fiṭr
_vJuvenile literature.
700 1 _aAllatson, Amy,
_eeditor.
942 _2ddc
_cNFIC